Espon Projekt 3.4.1 Europe in the World.Territorial futures : Territorial evidence and visions. Spatial scenarios for Europe
Salvato in:
| Natura: | Libro |
|---|---|
| Lingua: | inglese |
| Pubblicazione: |
ESPON Monitoring Committee,
2007
|
| Soggetti: | |
| Tags: |
Nessun Tag, puoi essere il primo ad aggiungerne!!
|
MARC
| LEADER | 00000nam a22000003a 4500 | ||
|---|---|---|---|
| 001 | stu180297 | ||
| 005 | 20150121110754.0 | ||
| 008 | 090219s2007------------------------eng-d | ||
| 020 | |a 978-2-7442-0135-6 | ||
| 040 | |a STU |b slo | ||
| 041 | 0 | |a eng | |
| 245 | |a Espon Projekt 3.4.1 Europe in the World.Territorial futures : |b Territorial evidence and visions. Spatial scenarios for Europe | ||
| 260 | |b ESPON Monitoring Committee, |c 2007 | ||
| 300 | |a 90 s |c 2xCD | ||
| 650 | 7 | |a urbanistická ekonómia |2 stusub | |
| 650 | 7 | |a územný manažment |2 stusub | |
| 996 | |b 284AU04234 |c A*6256 U |l AAKNAR |s A |a 24 |w stu180297_0001 | ||